[Event "Irena Warakomska Memorial B"]
[Site "chessmanager.com"]
[Date "2018.08.04"]
[Round "5"]
[White "Mazalon, Mariusz"]
[Black "Litner, Igor"]
[Result "1/2-1/2"]
[Board "5"]
[WhiteElo "2060"]
[WhiteCountry "POL"]
[WhiteFideId "1103105"]
[WhiteEloChange "-4"]
[BlackElo "1929"]
[BlackCountry "POL"]
[BlackFideId "1163078"]
[BlackEloChange "4"]

1. d4 {[%clk 1:30:30]} f5 {[%clk 1:29:43]} 2. Nf3 {[%clk 1:29:27]} Nf6 {[%clk
1:26:07]} 3. g3 {[%clk 1:29:42]} e6 {[%clk 1:26:17]} 4. Bg2 {[%clk 1:29:47]} d5
{[%clk 1:26:37]} 5. O-O {[%clk 1:29:25]} Bd6 {[%clk 1:26:56]} 6. c4 {[%clk
1:29:25]} c6 {[%clk 1:27:06]} 7. b3 {[%clk 1:28:28]} O-O {[%clk 1:25:23]} 8. Ba3
{[%clk 1:22:45]} Bxa3 {[%clk 1:20:51]} 9. Nxa3 {[%clk 1:21:18]} Qd6 {[%clk
1:20:51]} 10. Qc1 {[%clk 1:16:47]} Nbd7 {[%clk 1:17:05]} 11. Qb2 {[%clk 1:17:07]}
a5 {[%clk 1:12:51]} 12. Rac1 {[%clk 1:10:32]} b6 {[%clk 0:58:21]} 13. cxd5 {[%clk
0:52:08]} exd5 {[%clk 0:58:21]} 14. Ne5 {[%clk 0:52:08]} Bb7 {[%clk 0:58:21]} 15.
Rc2 {[%clk 0:52:08]} Qe6 {[%clk 0:58:10]} 16. Nd3 {[%clk 0:49:34]} Ba6 {[%clk
0:52:05]} 17. Nb1 {[%clk 0:43:03]} Bxd3 {[%clk 0:49:56]} 18. exd3 {[%clk
0:43:23]} Rae8 {[%clk 0:50:06]} 19. Nd2 {[%clk 0:29:30]} f4 {[%clk 0:47:16]} 20.
Nf3 {[%clk 0:27:11]} fxg3 {[%clk 0:45:47]} 21. hxg3 {[%clk 0:27:30]} Qd6 {[%clk
0:44:09]} 22. Ne5 {[%clk 0:23:08]} Rxe5 {[%clk 0:36:43]} 23. dxe5 {[%clk
0:23:07]} Nxe5 {[%clk 0:36:43]} 24. d4 {[%clk 0:16:37]} Nfg4 {[%clk 0:32:41]} 25.
dxe5 {[%clk 0:14:43]} Qh6 {[%clk 0:29:51]} 26. Re1 {[%clk 0:14:11]} Qh2+ {[%clk
0:30:10]} 27. Kf1 {[%clk 0:14:11]} Qxg3 {[%clk 0:30:30]} 28. Kg1 {[%clk 0:10:09]}
Qh2+ {[%clk 0:30:34]} 29. Kf1 {[%clk 0:10:09]} Qg3 {[%clk 0:30:54]} 1/2-1/2

[Event "Irena Warakomska Memorial B"]
[Site "chessmanager.com"]
[Date "2018.08.04"]
[Round "5"]
[White "Nikitin, Aleksander I"]
[Black "Milanowski, Jan"]
[Result "1-0"]
[Board "6"]
[WhiteElo "2036"]
[WhiteCountry "BLR"]
[WhiteFideId "13503065"]
[WhiteEloChange "4"]
[BlackElo "1784"]
[BlackCountry "POL"]
[BlackFideId "1109758"]
[BlackEloChange "-4"]

1. b4 {[%clk 1:30:30]} e5 {[%clk 1:30:30]} 2. Bb2 {[%clk 1:30:30]} d6 {[%clk
1:30:30]} 3. c4 {[%clk 1:30:30]} Be6 {[%clk 1:30:30]} 4. e3 {[%clk 1:30:30]} Nd7
{[%clk 1:30:30]} 5. Nf3 {[%clk 1:30:30]} f6 {[%clk 1:30:30]} 6. Nc3 {[%clk
1:30:30]} c6 {[%clk 1:30:30]} 7. d4 {[%clk 1:30:30]} Qc7 {[%clk 1:30:30]} 8. Be2
{[%clk 1:30:30]} Nh6 {[%clk 1:30:30]} 9. O-O {[%clk 1:30:30]} Be7 {[%clk
1:30:30]} 10. e4 {[%clk 1:30:30]} O-O {[%clk 1:30:30]} 11. Bc1 {[%clk 1:30:30]}
g5 {[%clk 1:30:30]} 12. h3 {[%clk 1:30:30]} Kh8 {[%clk 1:30:30]} 13. Be3 {[%clk
1:30:30]} Rg8 {[%clk 1:30:30]} 14. Qd2 {[%clk 1:30:30]} Rg6 {[%clk 1:30:30]} 15.
Rfd1 {[%clk 1:30:30]} Rd8 {[%clk 1:30:30]} 16. Rac1 {[%clk 1:30:30]} a6 {[%clk
1:30:30]} 17. Rc2 {[%clk 1:30:30]} Qc8 {[%clk 1:30:30]} 18. Qc1 {[%clk 1:30:30]}
Bg8 {[%clk 1:30:30]} 19. Nh2 {[%clk 1:30:30]} exd4 {[%clk 1:30:30]} 20. Bxd4
{[%clk 1:30:30]} Ne5 {[%clk 1:30:30]} 21. Na4 {[%clk 1:30:30]} Be6 {[%clk
1:30:30]} 22. Nb6 {[%clk 1:30:30]} Qc7 {[%clk 1:30:30]} 23. Nd5 {[%clk 1:30:30]}
Qd7 {[%clk 1:30:30]} 24. Nxe7 {[%clk 1:30:30]} Qxe7 {[%clk 1:30:30]} 25. Be3
{[%clk 1:30:30]} Nhf7 {[%clk 1:30:30]} 26. Nf1 {[%clk 1:30:30]} Qd7 {[%clk
1:30:30]} 27. g4 {[%clk 1:30:30]} Rh6 {[%clk 1:30:30]} 28. Kg2 {[%clk 1:30:30]}
Bxg4 {[%clk 1:30:30]} 29. hxg4 {[%clk 1:30:30]} Nxg4 {[%clk 1:30:30]} 30. Bd4
{[%clk 1:30:30]} Nfe5 {[%clk 1:30:30]} 31. Rc3 {[%clk 1:30:30]} Rh4 {[%clk
1:30:30]} 32. Rg3 {[%clk 1:30:30]} Rg8 {[%clk 1:30:30]} 33. Qc3 {[%clk 1:30:30]}
Rg6 {[%clk 1:30:30]} 34. f3 {[%clk 1:30:30]} Nh6 {[%clk 1:30:30]} 35. Bxe5 {[%clk
1:30:30]} fxe5 {[%clk 1:30:30]} 36. Qxe5+ {[%clk 1:30:30]} Kg8 {[%clk 1:30:30]}
37. c5 {[%clk 1:30:30]} d5 {[%clk 1:30:30]} 38. exd5 {[%clk 1:30:30]} 1-0

[Event "Irena Warakomska Memorial B"]
[Site "chessmanager.com"]
[Date "2018.08.04"]
[Round "5"]
[White "Kumanovskiy, Evgeny"]
[Black "Shamatava, Nikolozi"]
[Result "0-1"]
[Board "7"]
[WhiteElo "2084"]
[WhiteCountry "UKR"]
[WhiteFideId "14105942"]
[WhiteEloChange "-18"]
[BlackElo "1589"]
[BlackCountry "GEO"]
[BlackFideId "13619950"]
[BlackEloChange "18"]

1. d4 {[%clk 1:30:30]} Nf6 {[%clk 1:30:30]} 2. Bf4 {[%clk 1:30:30]} e6 {[%clk
1:30:30]} 3. e3 {[%clk 1:30:30]} Be7 {[%clk 1:30:30]} 4. Nf3 {[%clk 1:30:30]} b6
{[%clk 1:30:30]} 5. Bd3 {[%clk 1:30:30]} Bb7 {[%clk 1:30:30]} 6. Nbd2 {[%clk
1:30:30]} d5 {[%clk 1:30:30]} 7. c3 {[%clk 1:30:30]} O-O {[%clk 1:30:30]} 8. h4
{[%clk 1:30:30]} c5 {[%clk 1:30:30]} 9. Ne5 {[%clk 1:30:30]} Ne4 {[%clk 1:30:30]}
10. Qe2 {[%clk 1:30:30]} f6 {[%clk 1:30:30]} 11. Nef3 {[%clk 1:30:30]} a6 {[%clk
1:30:30]} 12. g4 {[%clk 1:30:30]} Nxd2 {[%clk 1:30:30]} 13. Kxd2 {[%clk 1:30:30]}
c4 {[%clk 1:30:30]} 14. Bc2 {[%clk 1:30:30]} b5 {[%clk 1:30:30]} 15. g5 {[%clk
1:30:30]} e5 {[%clk 1:30:30]} 16. gxf6 {[%clk 1:30:30]} exf4 {[%clk 1:30:30]} 17.
fxe7 {[%clk 1:30:30]} Qxe7 {[%clk 1:30:30]} 18. Ne5 {[%clk 1:30:30]} fxe3+ {[%clk
1:30:30]} 19. Qxe3 {[%clk 1:30:30]} Nd7 {[%clk 1:30:30]} 20. f4 {[%clk 1:30:30]}
Rae8 {[%clk 1:30:30]} 21. Qg3 {[%clk 1:30:30]} Nf6 {[%clk 1:30:30]} 22. Raf1
{[%clk 1:30:30]} Ne4+ {[%clk 1:30:30]} 23. Bxe4 {[%clk 1:30:30]} dxe4 {[%clk
1:30:30]} 24. Ke3 {[%clk 1:30:30]} Rf5 {[%clk 1:30:30]} 25. h5 {[%clk 1:30:30]}
Qf6 {[%clk 1:30:30]} 26. Rfg1 {[%clk 1:30:30]} Qh6 {[%clk 1:30:30]} 27. Ng4
{[%clk 1:30:30]} Qe6 {[%clk 1:30:30]} 28. h6 {[%clk 1:30:30]} g6 {[%clk 1:30:30]}
29. Ne5 {[%clk 1:30:30]} Ref8 {[%clk 1:30:30]} 30. Rh4 {[%clk 1:30:30]} Rxe5
{[%clk 1:30:30]} 31. dxe5 {[%clk 1:30:30]} Rd8 {[%clk 1:30:30]} 32. Ke2 {[%clk
1:30:30]} Rd3 {[%clk 1:30:30]} 33. Qg4 {[%clk 1:30:30]} Qd5 {[%clk 1:30:30]} 34.
Rh3 {[%clk 1:30:30]} Rd2+ {[%clk 1:30:30]} 35. Kf1 {[%clk 1:30:30]} Rd1+ {[%clk
1:30:30]} 36. Kg2 {[%clk 1:30:30]} e3+ {[%clk 1:30:30]} 37. Kh2 {[%clk 1:30:30]}
Qd2+ {[%clk 1:30:30]} 38. Rg2 {[%clk 1:30:30]} Qxg2+ {[%clk 1:30:30]} 39. Qxg2
{[%clk 1:30:30]} Bxg2 {[%clk 1:30:30]} 40. Kxg2 {[%clk 1:30:30]} e2 {[%clk
1:30:30]} 0-1

[Event "Irena Warakomska Memorial B"]
[Site "chessmanager.com"]
[Date "2018.08.04"]
[Round "5"]
[White "Halas, Przemyslaw"]
[Black "Samborski, Henryk"]
[Result "0-1"]
[Board "8"]
[WhiteElo "1964"]
[WhiteCountry "POL"]
[WhiteFideId "1122029"]
[WhiteEloChange "-6"]
[BlackElo "2098"]
[BlackCountry "POL"]
[BlackFideId "1103849"]
[BlackEloChange "6"]

1. e4 {[%clk 1:30:30]} c5 {[%clk 1:30:30]} 2. Nf3 {[%clk 1:30:30]} d6 {[%clk
1:30:30]} 3. d4 {[%clk 1:30:30]} cxd4 {[%clk 1:30:30]} 4. Nxd4 {[%clk 1:30:30]}
Nf6 {[%clk 1:30:30]} 5. Nc3 {[%clk 1:30:30]} a6 {[%clk 1:30:30]} 6. Qe2 {[%clk
1:30:30]} e5 {[%clk 1:30:30]} 7. Nf5 {[%clk 1:30:30]} Nc6 {[%clk 1:30:30]} 8. Bg5
{[%clk 1:30:30]} Bxf5 {[%clk 1:30:30]} 9. exf5 {[%clk 1:30:30]} Nd4 {[%clk
1:30:30]} 10. Qd3 {[%clk 1:30:30]} Rc8 {[%clk 1:30:30]} 11. Be3 {[%clk 1:30:30]}
Nc6 {[%clk 1:30:30]} 12. Be2 {[%clk 1:30:30]} Nb4 {[%clk 1:30:30]} 13. Qd1 {[%clk
1:30:30]} d5 {[%clk 1:30:30]} 14. a3 {[%clk 1:30:30]} d4 {[%clk 1:30:30]} 15.
axb4 {[%clk 1:30:30]} Bxb4 {[%clk 1:30:30]} 16. Ra4 {[%clk 1:30:30]} Qb6 {[%clk
1:30:30]} 17. O-O {[%clk 1:30:30]} dxe3 {[%clk 1:30:30]} 18. f4 {[%clk 1:30:30]}
Bxc3 {[%clk 1:30:30]} 19. bxc3 {[%clk 1:30:30]} e4 {[%clk 1:30:30]} 20. Rb4
{[%clk 1:30:30]} Qc6 {[%clk 1:30:30]} 21. Rc4 {[%clk 1:30:30]} Qd7 {[%clk
1:30:30]} 22. Rxc8+ {[%clk 1:30:30]} Qxc8 {[%clk 1:30:30]} 23. Qd6 {[%clk
1:30:30]} h5 {[%clk 1:30:30]} 24. Rb1 {[%clk 1:30:30]} Rh6 {[%clk 1:30:30]} 25.
Rb4 {[%clk 1:30:30]} Qxc3 {[%clk 1:30:30]} 26. Qb8+ {[%clk 1:30:30]} Ke7 {[%clk
1:30:30]} 27. Qe5+ {[%clk 1:30:30]} Qxe5 {[%clk 1:30:30]} 28. fxe5 {[%clk
1:30:30]} Nd7 {[%clk 1:30:30]} 29. Rxb7 {[%clk 1:30:30]} Rc6 {[%clk 1:30:30]} 30.
Bxh5 {[%clk 1:30:30]} Rxc2 {[%clk 1:30:30]} 31. g3 {[%clk 1:30:30]} Rc5 {[%clk
1:30:30]} 32. Bxf7 {[%clk 1:30:30]} Rc1+ {[%clk 1:30:30]} 33. Kg2 {[%clk
1:30:30]} e2 {[%clk 1:30:30]} 34. e6 {[%clk 1:30:30]} e1Q {[%clk 1:30:30]} 35.
Rxd7+ {[%clk 1:30:30]} Kf6 {[%clk 1:30:30]} 0-1

[Event "Irena Warakomska Memorial B"]
[Site "chessmanager.com"]
[Date "2018.08.04"]
[Round "5"]
[White "Salah, Nadezhda"]
[Black "Widla, Piotr"]
[Result "1-0"]
[Board "9"]
[WhiteElo "2059"]
[WhiteCountry "UKR"]
[WhiteFideId "14139758"]
[WhiteEloChange "11"]
[BlackElo "2100"]
[BlackCountry "POL"]
[BlackFideId "1132164"]
[BlackEloChange "-11"]

1. d4 {[%clk 1:30:30]} c5 {[%clk 1:30:30]} 2. d5 {[%clk 1:30:30]} Nf6 {[%clk
1:30:30]} 3. Nf3 {[%clk 1:30:30]} g6 {[%clk 1:30:30]} 4. Nc3 {[%clk 1:30:30]} Bg7
{[%clk 1:30:30]} 5. e4 {[%clk 1:30:30]} d6 {[%clk 1:30:30]} 6. Bb5+ {[%clk
1:30:30]} Bd7 {[%clk 1:30:30]} 7. a4 {[%clk 1:30:30]} O-O {[%clk 1:30:30]} 8. O-O
{[%clk 1:30:30]} Bg4 {[%clk 1:30:30]} 9. a5 {[%clk 1:30:30]} Na6 {[%clk 1:30:30]}
10. h3 {[%clk 1:30:30]} Bxf3 {[%clk 1:30:30]} 11. Qxf3 {[%clk 1:30:30]} Nd7
{[%clk 1:30:30]} 12. Qe2 {[%clk 1:30:30]} Ndb8 {[%clk 1:30:30]} 13. Bc4 {[%clk
1:30:30]} Nc7 {[%clk 1:30:30]} 14. Bg5 {[%clk 1:30:30]} a6 {[%clk 1:30:30]} 15.
Qd2 {[%clk 1:30:30]} Nd7 {[%clk 1:30:30]} 16. f4 {[%clk 1:30:30]} b5 {[%clk
1:30:30]} 17. axb6 {[%clk 1:30:30]} Nxb6 {[%clk 1:30:30]} 18. Be2 {[%clk
1:30:30]} c4 {[%clk 1:30:30]} 19. Na4 {[%clk 1:30:30]} Nb5 {[%clk 1:30:30]} 20.
c3 {[%clk 1:30:30]} Nd7 {[%clk 1:30:30]} 21. Bxc4 {[%clk 1:30:30]} Rc8 {[%clk
1:30:30]} 22. Be2 {[%clk 1:30:30]} Re8 {[%clk 1:30:30]} 23. Bg4 {[%clk 1:30:30]}
Qc7 {[%clk 1:30:30]} 24. Qf2 {[%clk 1:30:30]} Rb8 {[%clk 1:30:30]} 25. Bxd7
{[%clk 1:30:30]} Qxd7 {[%clk 1:30:30]} 26. Nb6 {[%clk 1:30:30]} Qc7 {[%clk
1:30:30]} 27. Na4 {[%clk 1:30:30]} Qc4 {[%clk 1:30:30]} 28. Rfe1 {[%clk 1:30:30]}
e6 {[%clk 1:30:30]} 29. dxe6 {[%clk 1:30:30]} Rxe6 {[%clk 1:30:30]} 30. Nb6
{[%clk 1:30:30]} Qc6 {[%clk 1:30:30]} 31. Nd5 {[%clk 1:30:30]} Rbe8 {[%clk
1:30:30]} 32. Kh2 {[%clk 1:30:30]} f5 {[%clk 1:30:30]} 33. Nb4 {[%clk 1:30:30]}
Qc5 {[%clk 1:30:30]} 34. Qxc5 {[%clk 1:30:30]} dxc5 {[%clk 1:30:30]} 35. Nxa6
{[%clk 1:30:30]} Rxe4 {[%clk 1:30:30]} 36. Rxe4 {[%clk 1:30:30]} fxe4 {[%clk
1:30:30]} 37. Nxc5 {[%clk 1:30:30]} e3 {[%clk 1:30:30]} 38. Nd3 {[%clk 1:30:30]}
e2 {[%clk 1:30:30]} 39. Bh4 {[%clk 1:30:30]} Re3 {[%clk 1:30:30]} 40. Ne1 {[%clk
1:30:30]} Re4 {[%clk 1:30:30]} 41. Kg3 {[%clk 1:30:30]} h6 {[%clk 1:30:30]} 42.
Kf3 {[%clk 1:30:30]} Re6 {[%clk 1:30:30]} 43. Nc2 {[%clk 1:30:30]} g5 {[%clk
1:30:30]} 44. fxg5 {[%clk 1:30:30]} hxg5 {[%clk 1:30:30]} 45. Bxg5 {[%clk
1:30:30]} Nxc3 {[%clk 1:30:30]} 46. bxc3 {[%clk 1:30:30]} Bxc3 {[%clk 1:30:30]}
47. Ra8+ {[%clk 1:30:30]} Kh7 {[%clk 1:30:30]} 48. Ra7+ {[%clk 1:30:30]} Kg6
{[%clk 1:30:30]} 49. Re7 {[%clk 1:30:30]} Rxe7 {[%clk 1:30:30]} 50. Bxe7 {[%clk
1:30:30]} e1Q {[%clk 1:30:30]} 51. Nxe1 {[%clk 1:30:30]} Bxe1 {[%clk 1:30:30]}
52. h4 {[%clk 1:30:30]} Bd2 {[%clk 1:30:30]} 53. g4 {[%clk 1:30:30]} Bc1 {[%clk
1:30:30]} 54. Ke4 {[%clk 1:30:30]} Bd2 {[%clk 1:30:30]} 55. Bc5 {[%clk 1:30:30]}
Be1 {[%clk 1:30:30]} 56. Be7 {[%clk 1:30:30]} Bd2 {[%clk 1:30:30]} 57. h5+ {[%clk
1:30:30]} Kh6 {[%clk 1:30:30]} 58. Kf5 {[%clk 1:30:30]} Bc1 {[%clk 1:30:30]} 59.
Bf8+ {[%clk 1:30:30]} Kh7 {[%clk 1:30:30]} 60. g5 {[%clk 1:30:30]} Kg8 {[%clk
1:30:30]} 61. Bd6 {[%clk 1:30:30]} Kh7 {[%clk 1:30:30]} 62. g6+ {[%clk 1:30:30]}
Kg7 {[%clk 1:30:30]} 63. Bf4 {[%clk 1:30:30]} Ba3 {[%clk 1:30:30]} 64. h6+ {[%clk
1:30:30]} Kf8 {[%clk 1:30:30]} 65. h7 {[%clk 1:30:30]} Bb2 {[%clk 1:30:30]} 66.
Bh6+ {[%clk 1:30:30]} 1-0

[Event "Irena Warakomska Memorial B"]
[Site "chessmanager.com"]
[Date "2018.08.04"]
[Round "5"]
[White "Kaminski, Maciej"]
[Black "Hrymowicz, Artur"]
[Result "0-1"]
[Board "10"]
[WhiteElo "1919"]
[WhiteCountry "POL"]
[WhiteFideId "1175521"]
[WhiteEloChange "-5"]
[BlackElo "2123"]
[BlackCountry "POL"]
[BlackFideId "1194240"]
[BlackEloChange "5"]

1. e4 {[%clk 1:30:30]} c5 {[%clk 1:30:30]} 2. Nc3 {[%clk 1:30:30]} e6 {[%clk
1:30:30]} 3. f4 {[%clk 1:30:30]} Nc6 {[%clk 1:30:30]} 4. Bb5 {[%clk 1:30:30]} Qc7
{[%clk 1:30:30]} 5. d3 {[%clk 1:30:30]} a6 {[%clk 1:30:30]} 6. Bxc6 {[%clk
1:30:30]} Qxc6 {[%clk 1:30:30]} 7. Qf3 {[%clk 1:30:30]} b5 {[%clk 1:30:30]} 8. e5
{[%clk 1:30:30]} Bb7 {[%clk 1:30:30]} 9. Ne4 {[%clk 1:30:30]} f5 {[%clk 1:30:30]}
10. exf6 {[%clk 1:30:30]} Nxf6 {[%clk 1:30:30]} 11. Nxf6+ {[%clk 1:30:30]} gxf6
{[%clk 1:30:30]} 12. Qh5+ {[%clk 1:30:30]} Kd8 {[%clk 1:30:30]} 13. Nf3 {[%clk
1:30:30]} Be7 {[%clk 1:30:30]} 14. Qf7 {[%clk 1:30:30]} Qd6 {[%clk 1:30:30]} 15.
Be3 {[%clk 1:30:30]} Kc7 {[%clk 1:30:30]} 16. O-O-O {[%clk 1:30:30]} Raf8 {[%clk
1:30:30]} 17. Qh5 {[%clk 1:30:30]} Qd5 {[%clk 1:30:30]} 18. Qxd5 {[%clk 1:30:30]}
Bxd5 {[%clk 1:30:30]} 19. Rhf1 {[%clk 1:30:30]} Rfg8 {[%clk 1:30:30]} 20. g3
{[%clk 1:30:30]} h5 {[%clk 1:30:30]} 21. f5 {[%clk 1:30:30]} e5 {[%clk 1:30:30]}
22. Nh4 {[%clk 1:30:30]} Bf7 {[%clk 1:30:30]} 23. c3 {[%clk 1:30:30]} d5 {[%clk
1:30:30]} 24. d4 {[%clk 1:30:30]} cxd4 {[%clk 1:30:30]} 25. cxd4 {[%clk 1:30:30]}
e4 {[%clk 1:30:30]} 26. Kd2 {[%clk 1:30:30]} Kd7 {[%clk 1:30:30]} 27. Rc1 {[%clk
1:30:30]} Bb4+ {[%clk 1:30:30]} 28. Ke2 {[%clk 1:30:30]} Rc8 {[%clk 1:30:30]} 29.
Bd2 {[%clk 1:30:30]} Bd6 {[%clk 1:30:30]} 30. a3 {[%clk 1:30:30]} Rc4 {[%clk
1:30:30]} 31. Ng6 {[%clk 1:30:30]} Rg8 {[%clk 1:30:30]} 32. Nf4 {[%clk 1:30:30]}
Rxd4 {[%clk 1:30:30]} 33. Bc3 {[%clk 1:30:30]} Rc4 {[%clk 1:30:30]} 34. Bxf6
{[%clk 1:30:30]} Rxc1 {[%clk 1:30:30]} 35. Rxc1 {[%clk 1:30:30]} Bxf4 {[%clk
1:30:30]} 36. gxf4 {[%clk 1:30:30]} Rg2+ {[%clk 1:30:30]} 37. Ke3 {[%clk
1:30:30]} Rxh2 {[%clk 1:30:30]} 38. Be5 {[%clk 1:30:30]} Rh3+ {[%clk 1:30:30]}
39. Kd4 {[%clk 1:30:30]} Rd3+ {[%clk 1:30:30]} 40. Kc5 {[%clk 1:30:30]} e3 {[%clk
1:30:30]} 41. Kb6 {[%clk 1:30:30]} e2 {[%clk 1:30:30]} 42. Re1 {[%clk 1:30:30]}
Re3 {[%clk 1:30:30]} 43. Bf6 {[%clk 1:30:30]} Re4 {[%clk 1:30:30]} 44. Kxa6
{[%clk 1:30:30]} d4 {[%clk 1:30:30]} 45. Kxb5 {[%clk 1:30:30]} d3 {[%clk
1:30:30]} 46. Bc3 {[%clk 1:30:30]} Rc4 {[%clk 1:30:30]} 47. Ba5 {[%clk 1:30:30]}
Rc2 {[%clk 1:30:30]} 48. b3 {[%clk 1:30:30]} h4 {[%clk 1:30:30]} 49. a4 {[%clk
1:30:30]} Bh5 {[%clk 1:30:30]} 50. f6 {[%clk 1:30:30]} d2 {[%clk 1:30:30]} 51.
Bxd2 {[%clk 1:30:30]} Rxd2 {[%clk 1:30:30]} 52. a5 {[%clk 1:30:30]} Rd1 {[%clk
1:30:30]} 53. f7 {[%clk 1:30:30]} Ke7 {[%clk 1:30:30]} 0-1

[Event "Irena Warakomska Memorial B"]
[Site "chessmanager.com"]
[Date "2018.08.04"]
[Round "5"]
[White "Gawronski, Miroslaw"]
[Black "Marinc, Damir"]
[Result "0-1"]
[Board "11"]
[WhiteElo "2058"]
[WhiteCountry "POL"]
[WhiteFideId "1106180"]
[WhiteEloChange "-14"]
[BlackElo "1931"]
[BlackCountry "SLO"]
[BlackFideId "14607344"]
[BlackEloChange "14"]

1. d4 {[%clk 1:30:30]} e6 {[%clk 1:30:30]} 2. Nf3 {[%clk 1:30:30]} d5 {[%clk
1:30:30]} 3. Bf4 {[%clk 1:30:30]} Nd7 {[%clk 1:30:30]} 4. e3 {[%clk 1:30:30]} c6
{[%clk 1:30:30]} 5. h3 {[%clk 1:30:30]} Be7 {[%clk 1:30:30]} 6. Bd3 {[%clk
1:30:30]} f5 {[%clk 1:30:30]} 7. g4 {[%clk 1:30:30]} g6 {[%clk 1:30:30]} 8. Nbd2
{[%clk 1:30:30]} Ngf6 {[%clk 1:30:30]} 9. c3 {[%clk 1:30:30]} Ne4 {[%clk
1:30:30]} 10. Ne5 {[%clk 1:30:30]} Nxd2 {[%clk 1:30:30]} 11. Qxd2 {[%clk
1:30:30]} Nxe5 {[%clk 1:30:30]} 12. Bxe5 {[%clk 1:30:30]} Bf6 {[%clk 1:30:30]}
13. f4 {[%clk 1:30:30]} Bxe5 {[%clk 1:30:30]} 14. fxe5 {[%clk 1:30:30]} Qh4+
{[%clk 1:30:30]} 15. Kd1 {[%clk 1:30:30]} fxg4 {[%clk 1:30:30]} 16. Qg2 {[%clk
1:30:30]} g3 {[%clk 1:30:30]} 17. Kd2 {[%clk 1:30:30]} O-O {[%clk 1:30:30]} 18.
Raf1 {[%clk 1:30:30]} Bd7 {[%clk 1:30:30]} 19. Be2 {[%clk 1:30:30]} Rf2 {[%clk
1:30:30]} 20. Rxf2 {[%clk 1:30:30]} gxf2 {[%clk 1:30:30]} 21. Bf3 {[%clk
1:30:30]} Rf8 {[%clk 1:30:30]} 22. Ke2 {[%clk 1:30:30]} c5 {[%clk 1:30:30]} 23.
Kd2 {[%clk 1:30:30]} cxd4 {[%clk 1:30:30]} 24. cxd4 {[%clk 1:30:30]} Bb5 {[%clk
1:30:30]} 25. Be2 {[%clk 1:30:30]} Qe7 {[%clk 1:30:30]} 26. Qf1 {[%clk 1:30:30]}
Qb4+ {[%clk 1:30:30]} 27. Kc1 {[%clk 1:30:30]} Rc8+ {[%clk 1:30:30]} 28. Kb1
{[%clk 1:30:30]} Qd2 {[%clk 1:30:30]} 29. Bxb5 {[%clk 1:30:30]} Rc2 {[%clk
1:30:30]} 30. Ka1 {[%clk 1:30:30]} Rxb2 {[%clk 1:30:30]} 31. Qc1 {[%clk 1:30:30]}
Rxa2+ {[%clk 1:30:30]} 32. Kb1 {[%clk 1:30:30]} Qa5 {[%clk 1:30:30]} 33. Qc8+
{[%clk 1:30:30]} Kg7 {[%clk 1:30:30]} 34. Qxb7+ {[%clk 1:30:30]} Kh6 {[%clk
1:30:30]} 35. Bf1 {[%clk 1:30:30]} Ra1+ {[%clk 1:30:30]} 36. Kc2 {[%clk 1:30:30]}
Qa4+ {[%clk 1:30:30]} 37. Qb3 {[%clk 1:30:30]} Rc1+ {[%clk 1:30:30]} 38. Kxc1
{[%clk 1:30:30]} Qxb3 {[%clk 1:30:30]} 39. Kd2 {[%clk 1:30:30]} a5 {[%clk
1:30:30]} 40. Bd3 {[%clk 1:30:30]} Qb4+ {[%clk 1:30:30]} 41. Ke2 {[%clk 1:30:30]}
Qb2+ {[%clk 1:30:30]} 42. Kf3 {[%clk 1:30:30]} Qd2 {[%clk 1:30:30]} 43. Be2
{[%clk 1:30:30]} Qe1 {[%clk 1:30:30]} 44. Rf1 {[%clk 1:30:30]} a4 {[%clk
1:30:30]} 45. Rxf2 {[%clk 1:30:30]} Qxf2+ {[%clk 1:30:30]} 46. Kxf2 {[%clk
1:30:30]} a3 {[%clk 1:30:30]} 47. Bg4 {[%clk 1:30:30]} a2 {[%clk 1:30:30]} 48.
Bxe6 {[%clk 1:30:30]} a1Q {[%clk 1:30:30]} 49. Bxd5 {[%clk 1:30:30]} Kg5 {[%clk
1:30:30]} 50. Be6 {[%clk 1:30:30]} h5 {[%clk 1:30:30]} 51. Kf3 {[%clk 1:30:30]}
Qc3 {[%clk 1:30:30]} 52. Bd7 {[%clk 1:30:30]} Qc7 {[%clk 1:30:30]} 53. Be8 {[%clk
1:30:30]} Qb7+ {[%clk 1:30:30]} 54. Kg3 {[%clk 1:30:30]} Kf5 {[%clk 1:30:30]} 55.
h4 {[%clk 1:30:30]} Qc8 {[%clk 1:30:30]} 56. Bf7 {[%clk 1:30:30]} Qc7 {[%clk
1:30:30]} 57. Bd5 {[%clk 1:30:30]} Qc3 {[%clk 1:30:30]} 58. Kf3 {[%clk 1:30:30]}
Qd3 {[%clk 1:30:30]} 59. Bf7 {[%clk 1:30:30]} Qf1+ {[%clk 1:30:30]} 60. Kg3
{[%clk 1:30:30]} Qg1+ {[%clk 1:30:30]} 61. Kf3 {[%clk 1:30:30]} Qg4+ {[%clk
1:30:30]} 62. Kf2 {[%clk 1:30:30]} Qxh4+ {[%clk 1:30:30]} 63. Ke2 {[%clk
1:30:30]} Qg4+ {[%clk 1:30:30]} 64. Kd2 {[%clk 1:30:30]} Qg2+ {[%clk 1:30:30]}
65. Kd3 {[%clk 1:30:30]} Qf1+ {[%clk 1:30:30]} 66. Kd2 {[%clk 1:30:30]} h4 {[%clk
1:30:30]} 67. e6 {[%clk 1:30:30]} Kf6 {[%clk 1:30:30]} 68. Kc3 {[%clk 1:30:30]}
h3 {[%clk 1:30:30]} 69. e4 {[%clk 1:30:30]} Qf3+ {[%clk 1:30:30]} 70. Kc4 {[%clk
1:30:30]} Qxe4 {[%clk 1:30:30]} 71. Kc5 {[%clk 1:30:30]} h2 {[%clk 1:30:30]} 0-1

[Event "Irena Warakomska Memorial B"]
[Site "chessmanager.com"]
[Date "2018.08.04"]
[Round "5"]
[White "Czarniecka, Aleksandra"]
[Black "Jankowiak, Piotr"]
[Result "1-0"]
[Board "12"]
[WhiteElo "1983"]
[WhiteCountry "POL"]
[WhiteFideId "1194933"]
[WhiteEloChange "8"]
[BlackElo "1902"]
[BlackCountry "POL"]
[BlackFideId "1185250"]
[BlackEloChange "-8"]

1. e4 {[%clk 1:30:30]} e5 {[%clk 1:30:30]} 2. Nf3 {[%clk 1:30:30]} Nc6 {[%clk
1:30:30]} 3. d4 {[%clk 1:30:30]} exd4 {[%clk 1:30:30]} 4. Nxd4 {[%clk 1:30:30]}
Bc5 {[%clk 1:30:30]} 5. Be3 {[%clk 1:30:30]} Qf6 {[%clk 1:30:30]} 6. c3 {[%clk
1:30:30]} Nge7 {[%clk 1:30:30]} 7. Bc4 {[%clk 1:30:30]} Bb6 {[%clk 1:30:30]} 8.
O-O {[%clk 1:30:30]} Ne5 {[%clk 1:30:30]} 9. Be2 {[%clk 1:30:30]} d6 {[%clk
1:30:30]} 10. f4 {[%clk 1:30:30]} N5g6 {[%clk 1:30:30]} 11. Nd2 {[%clk 1:30:30]}
Nc6 {[%clk 1:30:30]} 12. Nc4 {[%clk 1:30:30]} Qe7 {[%clk 1:30:30]} 13. Nxb6
{[%clk 1:30:30]} axb6 {[%clk 1:30:30]} 14. Qe1 {[%clk 1:30:30]} f5 {[%clk
1:30:30]} 15. Bc4 {[%clk 1:30:30]} Qxe4 {[%clk 1:30:30]} 16. Qf2 {[%clk 1:30:30]}
Qe7 {[%clk 1:30:30]} 17. Rae1 {[%clk 1:30:30]} Kd8 {[%clk 1:30:30]} 18. Nxc6+
{[%clk 1:30:30]} bxc6 {[%clk 1:30:30]} 19. Bxb6 {[%clk 1:30:30]} Qf8 {[%clk
1:30:30]} 20. Bd4 {[%clk 1:30:30]} Bd7 {[%clk 1:30:30]} 21. b4 {[%clk 1:30:30]}
d5 {[%clk 1:30:30]} 22. Bb3 {[%clk 1:30:30]} Qf7 {[%clk 1:30:30]} 23. h4 {[%clk
1:30:30]} Ne7 {[%clk 1:30:30]} 24. Qg3 {[%clk 1:30:30]} Rg8 {[%clk 1:30:30]} 25.
Re2 {[%clk 1:30:30]} Nc8 {[%clk 1:30:30]} 26. Qg5+ {[%clk 1:30:30]} Ne7 {[%clk
1:30:30]} 27. Rfe1 {[%clk 1:30:30]} Re8 {[%clk 1:30:30]} 28. Bc5 {[%clk 1:30:30]}
h6 {[%clk 1:30:30]} 29. Bxe7+ {[%clk 1:30:30]} Kc8 {[%clk 1:30:30]} 30. Qg3
{[%clk 1:30:30]} 1-0